00734nam a22002057a 450000500170000001000150001702000260003203500140005803700090007208200110008110000210009224501130011325000060022626000420023227000760027430000260035050000930037670000290046970000300049820240612165104.0 aENG-140586 a9789355323422c530.00 aEN-124118 bDBAD a00025 aTripathi, Snehil aAn Introduction Madhya Pradesh:bGeneral Knowledge/cBy Snehil Tripathi; Sonali Bansal [and] Pavan Choudhary a5 aChennaibMc Graw Hill Educationc2022 aAnjana Complex NO. 5/90 A, Butt Road, St. Thomas MountbChennaie600116 avp.c24cm(pbk)bindex a For MPPSC Examination (Prelims And Mains) and All Other State Competitive Examinations  aBansal , Sonali eAuthor aChoudhary, Pavan eAuthor